000 00819namaa22002171 4500
001 174092
003 ES-MaACL
005 20250829120107.0
008 100215s1948 cu |||| | spa d
080 _a821.134.2(729.1)-14"18"
100 1 _aCéspedes de Escanaverino, Ursula.
_9142164
245 1 0 _aPoesías /
_cUrsula Céspedes de Escanaverino ; selección y prólogo de Juan J. Remos.
260 _aLa Habana :
_bMinisterio de Educación Nacional, Dirección de Cultura,
_c1948.
300 _a135 p., 1 retr. autora ;
_c19 cm.
490 1 _aCuadernos de cultura. Octava serie ;
_v2
700 0 _aRemos y Rubio, Juan J.
_996150
710 1 _aCuba.
_bDirección General de Cultura.
_9146958
830 0 _aCuadernos de cultura
_v2
_9181245
852 _aES-MaACL
_jC-57156
999 _c174092
_d174092